|
|
|
|
| LEADER |
00000nam a2200000 i 4500 |
| 001 |
ELB220608 |
| 003 |
FINmELB |
| 005 |
20230213121057.0 |
| 006 |
m o u |
| 007 |
cr cn||||||||| |
| 008 |
230131s2022 sp ob 000 0 spa d |
| 020 |
|
|
|a 9788418951572
|q (pdf)
|
| 020 |
|
|
|z 978-84-18951-56-5
|q paper
|
| 035 |
|
|
|a (OCoLC)1370946845
|
| 040 |
|
|
|a FINmELB
|b spa
|e rda
|c FINmELB
|
| 050 |
|
4 |
|a GN835.A5
|b L483 2022
|
| 080 |
|
|
|a 7.031.1(460.311)
|
| 082 |
0 |
4 |
|a 709.01109366
|2 23
|
| 240 |
1 |
0 |
|a Levantine rock art in Castellón.
|l Español
|
| 245 |
0 |
3 |
|a El Arte rupestre en la provincia de Castellón :
|b historia, contexto y análisis = Levantine rock art in Castellón: history, context and analysis /
|c Juan José Ferrer Maestro (coord.) ; R. Martínez Valle [y otros 8] ; traducciones en lengua inglesa: Begoña Bellés Fortuño.
|
| 250 |
|
|
|a Segunda edición revisada y actualizada.
|
| 264 |
|
1 |
|a Castelló de la Plana :
|b Publicacions de la Universitat Jaume I. Servei de Comunicació i Publicacions,
|c 2022.
|
| 300 |
|
|
|a 1 recurso en línea
|
| 336 |
|
|
|a texto
|b txt
|2 rdacontent/spa
|
| 337 |
|
|
|a computadora
|b c
|2 rdamedia/spa
|
| 338 |
|
|
|a recurso en línea
|b cr
|2 rdacarrier/spa
|
| 504 |
|
|
|a Incluye referencias bibliográficas.
|
| 546 |
|
|
|a Texto en español, presentación, introducción y resúmenes en inglés.
|
| 588 |
|
|
|a Descripción basada en metadatos suministrados por el editor y otras fuentes.
|
| 590 |
|
|
|a Recurso electrónico. Santa Fe, Arg.: elibro, 2023. Disponible vía World Wide Web. El acceso puede estar limitado para las bibliotecas afiliadas a elibro.
|
| 650 |
|
4 |
|a Arqueología prehistórica
|z Comunidad Valenciana
|z Castellón.
|
| 650 |
|
4 |
|a Arte prehistórico
|z Comunidad Valenciana
|z Castellón.
|
| 650 |
|
4 |
|a Pintura rupestre
|z Comunidad Valenciana
|z Castellón.
|
| 655 |
|
4 |
|a Libros electrónicos.
|
| 700 |
1 |
|
|a Ferrer Maestro, Juan José,
|e coordinador.
|
| 700 |
1 |
|
|a Martínez Valle, R.,
|e autor.
|
| 700 |
1 |
|
|a Bellés Fortuño, Begoña,
|e traductor.
|
| 797 |
2 |
|
|a elibro, Corp.
|
| 856 |
4 |
0 |
|u https://elibro.uam.elogim.com/ereader/bidiuam/220608
|z Texto completo
|